|
|
|
|
| LEADER |
00676cam a2200193 7i4500 |
| 001 |
0000045571 |
| 005 |
20170206090000.0 |
| 020 |
|
|
|a 9780415438032 (pbk.)
|
| 020 |
|
|
|a 9780415438025 (hbk.)
|
| 090 |
0 |
0 |
|a RC552.T7
|b C37 2009
|
| 245 |
0 |
2 |
|a A casebook of cognitive therapy for traumatic stress reactions
|c edited by Nick Grey.
|
| 260 |
|
|
|a London:
|b Routledge,
|c 2009.
|
| 300 |
|
|
|a xvi, 310 p.:
|b ill.;
|c 24 cm.
|
| 650 |
0 |
0 |
|a Psychic trauma
|
| 650 |
0 |
0 |
|a Cognitive therapy
|
| 700 |
1 |
|
|a Grey, Nick
|
| 997 |
|
|
|a Education & Social Sciences, Faculty
|b Social Sciences, Department
|
| 998 |
|
|
|a Industrial Psychology, Degree
|
| 999 |
|
|
|a 0000055793
|b BOK
|c OPEN SHELF
|e 2nd Floor, Bestari Jaya
|